LEADER 00854nam a2200229 i 4500 001 000000038304 003 CaOOAMICUS 005 20061124000000.0 008 061124n it u000 u ita u 013 $a8729 040 $aSeMil$bita 245 10$a1830-1851. 490 0 $aClassici dell'arte ;$v107 650 4$aArte.$0(OLS)http://semarc/subject/1231 650 4$aPittura.$0(OLS)http://semarc/subject/471 650 4$aTurner, Joseph Mallord William.$0(OLS)http://semarc/subject/7747 773 0 $aVerchi, Gemma$tOpera completa di Turner.$dMilano : Rizzoli, 1982.$w()16902 830 0$aClassici dell'arte ;$v107.$0(OLS)http://semarc/title/529 850 $aSeMil 852 $aSeMil$W1$xVenegono$y1$m5M XI 39$j4459$B4459$CSeMilBibl$Z2$F4459 $81 961 $aOmaggio: Ciprandi dott. Paolo 996 $6245$a1830-1851$9(OLS)http://semarc/title/54009 LEADER 01050nam a2200241 i 4500 001 000000061644 003 CaOOAMICUS 005 20130206000000.0 008 130206s1955 it u000 u ita u 013 $a32816 040 $aSeMil$bita 100 1 $aScheeben, Matthias Joseph,$d<1835-1888>.$0(OLS)http://semarc/name/9906 240 14$aDie bräutliche Gottesmutter.$0(OLS)http://semarc/title/96911 245 10$aSposa e Madre di Dio /$cM. J. Scheeben, C. Feckes ; Prefazione e traduzione del Sac. Dott. Giuseppe Carozzi. 260 $aBrescia :$bMorcelliana,$ccopyr. 1955. 300 $a279 p. ;$c19 cm. 650 4$aMadonna - Meditazioni.$0(OLS)http://semarc/subject/920 700 1 $aCarozzi, Giuseppe.$0(OLS)http://semarc/name/2916 700 1 $aFeckes, Carl.$0(OLS)http://semarc/name/22224 850 $aSeMil 852 $aSeMil$W1$xVenegono$y1$m2L I 106$j27797$B27797$CSeMilBibl$Z2$F27800 $81 996 $6245$aSposa e Madre di Dio$9(OLS)http://semarc/title/96910 996 $6260$aBrescia :$bMorcelliana$9(OLS)http://semarc/publisher/29629